Make Me Wanna Die- The Pretty Reckless - Statistics

General Stats
  • This quiz has been taken 13 times
  • The average score is 253 of 267
Answer Stats
Answer % Correct
a
100%
And
100%
be
100%
can
100%
could
100%
die
100%
die)
100%
down
100%
enough
100%
every
100%
Every
100%
everything
100%
Everything
100%
eyes,
100%
eyes
100%
for
100%
good
100%
had
100%
I
100%
I'll
100%
I'm
100%
(I'm
100%
in
100%
look
100%
Look
100%
make
100%
me,
100%
me
100%
my
100%
My
100%
Never
100%
never
100%
Take
100%
the
100%
time
100%
to
100%
wanna
100%
was
100%
when
100%
When
100%
with
100%
would
100%
You
100%
you
100%
(You
100%
Your
100%
your
100%
alive
88%
belong
88%
better
88%
But
88%
eternity
88%
girl
88%
goes
88%
know
88%
lie
88%
light
88%
light)
88%
looks
88%
love
88%
love,
88%
mind
88%
night
88%
Opportunities
88%
see
88%
sun
88%
wicked
88%
all
75%
burn
75%
drink
75%
inside
75%
on
75%
shouldn't
75%
soul
75%
Taste
75%
that
75%
things
75%
up
75%
Will
75%
burning
63%
Show
63%
steal
63%
blue
50%
moon
50%
rise
50%
there's
50%
We'll
50%
No matching quizzes found
Score Distribution
Percent of People with Each Score
Percentile by Number Answered
Your Score History
You have not taken this quiz